000
00306nam a2200133Ia 4500
005
20251222143121.0
008
251222s9999||||xx |||||||||||||| ||spa||
020
_a
84-339-6877-7
082
_a
869.26/P55U
100
_a
Piglia, Ricardo
245
0
_a
El Ăšltimo Lector
264
_b
Anagrana
942
_c
LIB
999
_c
11539
_d
11539